Pokémon de Première Génération selon leur Numéro (Aléatoire) - Statistiques

Statistiques générales
  • Ce quiz a été pris 72 fois
  • Le résultat moyen est 7 sur 10
Statistiques - réponses
Numéro
Indice (1° lettre)
Pokémon associé % Correct
63

A

Abra
100%
59

A

Arcanin
100%
144

A

Artikodin
100%
13

A

Aspicot
100%
1

B

Bulbizarre
100%
83

C

Canarticho
100%
58

C

Caninos
100%
7

C

Carapuce
100%
10

C

Chenipan
100%
11

C

Chrysacier
100%
15

D

Dardargnan
100%
85

D

Dodrio
100%
149

D

Dracolosse
100%
145

E

Electhor
100%
101

E

Electrode
100%
125

E

Elektek
100%
71

E

Empiflor
100%
108

E

Excelangue
100%
92

F

Fantominus
100%
78

G

Galopa
100%
37

G

Goupix
100%
2

H

Herbizarre
100%
97

H

Hypnomade
100%
117

H

Hypocéan
100%
141

K

Kabutops
100%
106

K

Kicklee
100%
90

K

Kokiyas
100%
99

K

Krabboss
100%
98

K

Krabby
100%
130

L

Léviator
100%
131

L

Lokhlass
100%
126

M

Magmar
100%
151

M

Mew
100%
150

M

Mewtwo
100%
48

M

Mimitoss
100%
147

M

Minidraco
100%
34

N

Nidoking
100%
31

N

Nidoqueen
100%
30

N

Nidorina
100%
33

N

Nidorino
100%
102

N

Noeunoeuf
100%
86

O

Otaria
100%
12

P

Papilusion
100%
46

P

Paras
100%
47

P

Parasect
100%
118

P

Poissirène
100%
26

R

Raichu
100%
22

R

Rapasdepic
100%
19

R

Rattata
100%
111

R

Rhinocorne
100%
112

R

Rhinoféros
100%
39

R

Rondoudou
100%
18

R

Roucarnage
100%
17

R

Roucoups
100%
127

S

Scarabrute
100%
96

S

Soporifik
100%
121

S

Staross
100%
50

T

Taupiqueur
100%
128

T

Tauros
100%
73

T

Tentacruel
100%
61

T

Têtarte
100%
9

T

Tortank
100%
51

T

Triopikeur
100%
107

T

Tygnon
100%
135

V

Voltali
100%
100

V

Voltorbe
100%
6

D

Dracaufeu
80%
123

I

Insécateur
80%
28

S

Sablaireau
80%
23

A

Abo
75%
20

R

Rattatac
75%
132

M

Métamorph
67%
136

P

Pyroli
67%
4

S

Salamèche
67%
133

E

Evoli
60%
38

F

Feunard
60%
55

A

Akwakwak
50%
65

A

Alakazam
50%
139

A

Amonistar
50%
70

B

Boustiflor
50%
3

F

Florizarre
50%
75

G

Gravalanch
50%
40

G

Grodoudou
50%
68

M

Mackogneur
50%
36

M

Mélodelfe
50%
122

M

M. Mime
50%
32

N

Nidoran (mâle)
50%
103

N

Noadkoko
50%
41

N

Nosferapti
50%
95

O

Onix
50%
44

O

Ortide
50%
137

P

Porygon
50%
74

R

Racaillou
50%
84

D

Doduo
33%
116

H

Hypotrempe
33%
115

K

Kangourex
33%
54

P

Psykokwak
33%
109

S

Smogo
33%
49

A

Aéromite
0%
138

A

Amonita
0%
134

A

Aquali
0%
24

A

Arbok
0%
8

C

Carabaffe
0%
69

C

Chétiflor
0%
14

C

Coconfort
0%
57

C

Colossinge
0%
91

C

Crustabri
0%
148

D

Draco
0%
94

E

Ectoplasma
0%
56

F

Férosinge
0%
80

F

Flagadoss
0%
76

G

Grolem
0%
89

G

Grotadmorv
0%
140

K

Kabuto
0%
64

K

Kadabra
0%
87

L

Lamantine
0%
113

L

Leveinard
0%
124

L

Lippoutou
0%
66

M

Machoc
0%
67

M

Machopeur
0%
129

M

Magicarpe
0%
81

M

Magnéti
0%
82

M

Magnéton
0%
35

M

Mélofée
0%
52

M

Miaouss
0%
43

M

Mystherbe
0%
29

N

Nidoran (femelle)
0%
42

N

Nosferalto
0%
105

O

Ossatueur
0%
104

O

Osselait
0%
53

P

Persian
0%
21

P

Piafabec
0%
25

P

Pikachu
0%
119

P

Poissoroy
0%
77

P

Ponyta
0%
142

P

Ptéra
0%
60

P

Ptitard
0%
45

R

Rafflésia
0%
79

R

Ramoloss
0%
5

R

Reptincel
0%
143

R

Ronflex
0%
16

R

Roucool
0%
27

S

Sabelette
0%
114

S

Saquedeneu
0%
110

S

Smogogo
0%
93

S

Spectrum
0%
120

S

Stari
0%
146

S

Sulfura
0%
88

T

Tadmorv
0%
62

T

Tartard
0%
72

T

Tentacool
0%
Aucun quiz correspondant
Distribution des résultats
% des personnes avec chaque résultat
Percentile par nombre de réponses
Votre historique - résultats
Vous n’avez pas pris ce quiz